000 01048cad a22002655a 4500
001 E152250
008 110215s2010 xxk f 100 0 eng d
020 _a9781842196199
035 _a(Sirsi) u152250
041 0 _aeng
100 1 _aEdwards, Peter
111 2 _aConstruction and Building Research Conference
_cDauphine Universite, Paris
_d2-3 September 2010
245 0 0 _aValue management practice in South Africa
_bthe construction and manufacturing industries compared
_h[electronic resource]
260 _aLondon
_bRICS
_c2010
520 _aA paper presented at the COBRA Conference in Paris on 2-3 September 2010.
590 _aKA
650 2 4 _aCONSTRUCTION AND BUILDING RESEARCH CONFERENCE (COBRA)
651 4 _aSouth Africa
690 _aBUILT ENVIRONMENT-CONSTRUCTION MANAGEMENT-CONSTRUCTION VALUE MANAGEMENT
700 1 _aBowen, Paul
700 1 _aJay, Ian
700 1 _aCattell, Keith
856 4 0 _uhttps://www.rics.org/site/scripts/download_info.aspx?fileID=7938&categoryID=720
_zBroken link - not available
942 _n0
999 _c111950
_d111950